000
00315nam a2200121 a 4500
005
20140414132101.0
008
100702s19uu xx 00 eng d
050
_a
TR 513.212
_b
M426 2004
245
_a
Mathematics 4.
260
_a
Malaysia :
_b
Little Sun Sdn. Bhd.
440
_a
Kindergarten series
999
_c
114448
_d
114448